An update on the private finance initiative (Record no. 62060)

MARC details
000 -LEADER
fixed length control field 00751cam a2200229 4500
001 - CONTROL NUMBER
control field ABS61696
008 - FIXED-LENGTH DATA ELEMENTS--GENERAL INFORMATION
fixed length control field 000000n1999 000 0 eng u
035 ## - SYSTEM CONTROL NUMBER
System control number (Sirsi) u103276
100 ## - MAIN ENTRY--PERSONAL NAME
Personal name Watson, P.
245 #3 - TITLE STATEMENT
Title An update on the private finance initiative
260 ## - PUBLICATION, DISTRIBUTION, ETC.
Date of publication, distribution, etc. 1999
490 ## - SERIES STATEMENT
Series statement Building Engineer
Volume/sequential designation 74(10) December 1999, 20-22(3)
520 ## - SUMMARY, ETC.
Summary, etc. Reviews the progress of PFI since it was set up in autumn 1992, and considers whether it provides value for money for the taxpayer. Graphs and references.
590 ## - LOCAL NOTE (RLIN)
Local note ABS
650 ## - SUBJECT ADDED ENTRY--TOPICAL TERM
Topical term or geographic name entry element PFI
650 ## - SUBJECT ADDED ENTRY--TOPICAL TERM
Topical term or geographic name entry element PRIVATE FINANCE INITIATIVE
650 ## - SUBJECT ADDED ENTRY--TOPICAL TERM
Topical term or geographic name entry element REVIEW
650 ## - SUBJECT ADDED ENTRY--TOPICAL TERM
Topical term or geographic name entry element HISTORY
690 ## - LOCAL SUBJECT ADDED ENTRY--TOPICAL TERM (OCLC, RLIN)
Topical term or geographic name as entry element MANAGEMENT-BUSINESS MANAGEMENT-FINANCIAL MANAGEMENT
700 ## - ADDED ENTRY--PERSONAL NAME
Personal name Chapman, P.
942 ## - ADDED ENTRY ELEMENTS (KOHA)
Suppress in OPAC 0
Holdings
Withdrawn status Lost status Source of classification or shelving scheme Damaged status Not for loan Home library Current library Shelving location Date acquired Total Checkouts Full call number Barcode Date last seen Copy number Price effective from Koha item type
    Dewey Decimal Classification     London London Journal article 20/12/1999   ABS61696 103276-1001 06/08/2019 1 06/08/2019 Journal article